100 Largest North American Ski Resorts By Vertical Drop - Statistics

General Stats
  • This quiz has been taken 16 times
  • The average score is 42 of 100
Answer Stats
State/Province Vertical Drop Answer % Correct
British Columbia 5,234 Whistler/Blackcomb
100%
Colorado 3,635 Aspen Highlands
87%
Colorado 3,267 Aspen Mountain
87%
Montana 4,016 Big Sky
87%
Utah 3,190 Park City
87%
Utah 2,020 Alta
80%
Colorado 2,908 Breckenridge
80%
Wyoming 4,139 Jackson Hole
80%
Idaho 3,400 Sun Valley
80%
New Mexico 3,281 Taos
80%
California 3,280 Heavenly
73%
Utah 3,240 Snowbird
73%
Colorado 3,845 Telluride
73%
Colorado 3,041 Vail
73%
Colorado 3,060 Winter Park
73%
Colorado 2,362 Keystone
67%
Vermont 3,050 Killington
67%
Colorado 1,780 Loveland
67%
Colorado 4,406 Snowmass
67%
Colorado 3,668 Steamboat
67%
Colorado 2,600 Copper Mountain
60%
Utah 1,910 Deer Valley
60%
Alberta 3,150 Lake Louise
60%
California 2,510 Palisades Tahoe
60%
Utah 2,000 Powder Mountain
60%
British Columbia 5,620 Revelstoke
60%
Colorado 1,698 Arapahoe Basin
53%
Colorado 3,340 Beaver Creek
53%
California 2,900 Mammoth Mountain
53%
Oregon 3,365 Mt. Bachelor
53%
Oregon 2,777 Mt. Hood Meadows
53%
Oregon 1,425 Mt. Hood Skibowl
53%
California 2,280 Northstar
53%
Idaho 2,400 Schweitzer
53%
Utah 2,900 Snowbasin
53%
Utah 2,030 Solitude
53%
Vermont 2,360 Stowe
53%
Montana 2,353 Whitefish
53%
Utah 1,745 Brighton
47%
Colorado 2,775 Crested Butte
47%
Washington 2,601 Crystal Mountain
47%
British Columbia 3,790 Kicking Horse
47%
California 1,630 Kirkwood
47%
Vermont 2,037 Mad River Glen
47%
Utah 2,150 Sundance
47%
Maine 2,175 Sunday River
47%
New York 3,166 Whiteface Mountain
47%
Alaska 2,500 Alyeska
40%
Alberta 3,154 Banff Sunshine
40%
Vermont 2,153 Jay Peak
40%
Québec 2,130 Mont Tremblant
40%
Vermont 1,500 Sugar Bowl
40%
Vermont 2,552 Sugarbush
40%
Oregon 3,690 Timberline
40%
Montana 2,600 Bridger Bowl
33%
Wyoming 2,010 Grand Targhee
33%
California 2,590 June Mountain
33%
Montana 2,600 Montana Snowbowl
33%
Nevada 1,760 Mt. Rose
33%
Vermont 2,000 Pico Mountain
33%
California 2,212 Sierra-At-Tahoe
33%
Vermont 2,525 Smugglers’ Notch
33%
Maine 2,800 Sugarloaf
33%
British Columbia 2,894 Sun Peaks
33%
Arizona 2,300 Arizona Snowbowl
27%
California 1,900 Bear Valley
27%
British Columbia 2,666 Big White
27%
Nevada 1,840 Diamond Peak
27%
British Columbia 3,320 Fernie
27%
British Columbia 3,979 Panorama
27%
Colorado 2,029 Purgatory
27%
Montana 2,400 Red Lodge
27%
British Columbia 3,850 Red Mountain
27%
Idaho 2,800 Tamarack
27%
Colorado 1,604 Wolf Creek
27%
Utah 1,660 Beaver Mountain
20%
Idaho 1,819 Bogus Basin
20%
New Hampshire 2,116 Cannon Mountain
20%
Alberta 2,833 Castle Mountain
20%
California 1,570 China Peak
20%
Québec 2,441 Le Massif
20%
Québec 2,050 Mont Sainte Anne
20%
Colorado 1,650 Powderhorn
20%
British Columbia 2,500 Silver Star
20%
Washington 2,050 White Pass
20%
British Columbia 2,000 Apex Mountain
13%
Alberta 1,650 Banff Norquay
13%
British Columbia 2,190 Kimberley
13%
Alberta 2,305 Marmot Basin
13%
New Mexico 1,725 Santa Fe
13%
Idaho 2,150 Silver Mountain
13%
Washington 1,800 Stevens Pass
13%
Colorado 1,720 Sunlight
13%
British Columbia 2,044 Whitewater
13%
Washington 1,850 49 Degrees North
7%
New Mexico 2,050 Angel Fire
7%
Idaho 1,800 Brundage
7%
California 1,550 Dodge Ridge
7%
Montana 1,800 Lost Trail
7%
Montana 1,660 Ski Discovery
7%
No matching quizzes found
Score Distribution
Percent of People with Each Score
Percentile by Number Answered
Your Score History
You have not taken this quiz